Представление документа в формате MARC21

ПолеНазваниеЗначение
  Тип записи a
  Библиографический уровень m
001 Контрольный номер RU\infra-m\znanium\bibl\2187704
005 Дата корректировки 20260429142122.1
008 Кодируемые данные 250625s2024 RU g rus u
020 Индекс ISBN __
a ISBN 978-5-7281-3384-1
040 Источник каталогиз. __
a Служба первич. каталог. Общество с ограниченной ответственностью «ЗНАНИУМ»
041 Код языка издания __
a Код языка текста rus
044 Код страны публикации __
a Код страны публикации RU
080 Индекс УДК __
a Индекс УДК 370
084 Индекс другой классификации/Индекс ББК __
2 Источник индекса rubbk
a Индекс другой классификации/Индекс ББК 74
084 Индекс другой классификации/Индекс ББК __
2 Источник индекса rubbk
a Индекс другой классификации/Индекс ББК 812Я
084 Индекс другой классификации/Индекс ББК __
2 Источник индекса okso
a Индекс другой классификации/Индекс ББК 00.03.02
084 Индекс другой классификации/Индекс ББК __
2 Источник индекса okso
a Индекс другой классификации/Индекс ББК 00.05.02
245 Заглавие __
a Заглавие Преподавание языков и культур в парадигме гуманитарного образования
b Продолж. заглавия сборник научных статей по материалам Межвузовской научно-практической конференции с международным участием. Москва, 25 ноября 2023 г.; Материалы конференций
c Ответственность Российский государственный гуманитарный университет РГГУ
250 Сведения об издании __
a Основные сведения об издании 1
260 Выходные данные __
a Место издания Москва
b Издательство Федеральное государственное бюджетное образовательное учреждение высшего профессионального образования "Российский государственный гуманитарный университет"
c Дата издания 2024
300 Физическое описание __
a Объем 436 с.
520 Аннотация __
a Аннотация Концептуальный стержень сборника - лингводидактическая платформа акцентуирующая личностно-ориентированное обучение языку и поликультурную личность преподавателя на основе отечественных и мировых трендов образования в условиях многоязычия. В статьях отражен эвристический потенциал трансдисциплинарных исследований в области лингвистики и преподавания языка для профессиональных целей в неязыковом университете создающий особые условия для развития современного образовательного интерьера. Для широкого круга ученых и преподавателей - филологов лингвистов философов широкой педагогической общественности а также для магистрантов аспирантов и лиц интересующихся современными достижениями в исследовании человека и социума.
521 Примеч. о цел. назн. __
a Примеч. о целев. назн. Профессиональное образование
650 Тематические рубрики __
a Основная рубрика Филологические науки
x Основная подрубрика Теория перевода. Лексикография. Многоязычные словари и разговорники
655 Указ. предметных рубрик (устаревшее) __
a Жанр/ форма (устаревшее) Материалы конференций
700 Другие авторы __
a Другие авторы Воронцова И.И.
q Полное имя Воронцова Ирина Игоревна
u Дополнение Российский государственный гуманитарный университет РГГУ
700 Другие авторы __
a Другие авторы Колачева И.О.
q Полное имя Колачева Ирина Олеговна
u Дополнение Российский государственный гуманитарный университет РГГУ
856 Электронный адрес документа 4_
a Имя сервера/домена znanium.ru
m Помощь ebs_support@infra-m.ru
n Местонахождение сервера НИЦ ИНФРА-М
u URL https://znanium.ru/catalog/document?id=457917
856 Электронный адрес документа 48
a Имя сервера/домена znanium.ru
d Путь /cover/2187
f Электронное имя 2187704.jpg
q Тип электронного формата image/jpeg
u URL https://znanium.ru/cover/2187/2187704.jpg
911 __
u 0030=https://znanium.ru/catalog/document?id=457917